000 00278nam a22001337a 4500
008 180115b xxu||||| |||| 00| 0 eng d
020 _a9780743265508
041 _aeng
080 _a37
100 _a46
101 _aEDU
245 _aPRAXIS 2006
_cSIMON.S
942 _2udc
_cBK
999 _c40309
_d40309